LDR 00981naa#a2200193#i#450# 001 RU\\bibl\126784 005 20260701181556.3 011 ## _a1815-588X 100 ## _a20260630b2026####ek#y0rusy0150####ca 102 ## _aRU 200 1# _aМоделирование движения поездов на основании анализа статистических данных _eЖурнальная статья 210 1# _aСанкт-Петербург _cФГБОУ ВО "Петербургский государственный университет путей сообщения Императора Александра I" _d2026 215 ## _a10 с. 608 ## _aЖурнальная статья _2local 675 ## _aДвижение. Участки. Перегоны. 656.222 _z 700 #1 _aЯзев _gДенис Викторович 700 #1 _aКостенко _gВладимир Васильевич 700 #1 _aИванков _gАлексей Николаевич 856 4# _aatjournal.ru _u